| 000 | 00391nam a22001457a 4500 | ||
|---|---|---|---|
| 008 | 241121b |||||||| |||| 00| 0 eng d | ||
| 020 | _a9780538690867 | ||
| 082 | _a005.5 | ||
| 100 | _aKnowlton, Todd. | ||
| 245 | _aVisual basic. | ||
| 260 |
_aNew York ; _bSouth-Western Educational Publishing, _c2000. |
||
| 300 |
_axii, 306 p. : _bill. ; _c30 cm. |
||
| 650 | _2Visual basic. | ||
| 942 | _2ddc | ||
| 999 |
_c10096 _d10097 |
||